Chinese Odyssey : Mao to market (Record no. 85213)
[ view plain ]
| 000 -LEADER | |
|---|---|
| fixed length control field | 00446nam a2200193Ia 4500 |
| 008 - FIXED-LENGTH DATA ELEMENTS--GENERAL INFORMATION | |
| fixed length control field | 230125s9999 xx 000 0 und d |
| 020 ## - INTERNATIONAL STANDARD BOOK NUMBER | |
| International Standard Book Number | 81-7881-035-2 |
| 041 ## - LANGUAGE CODE | |
| Language code of text/sound track or separate title | eng |
| 082 ## - DEWEY DECIMAL CLASSIFICATION NUMBER | |
| Classification number | 650.01 |
| Item number | ICF |
| 100 ## - MAIN ENTRY--PERSONAL NAME | |
| Personal name | ICFAI |
| 245 ## - TITLE STATEMENT | |
| Title | Chinese Odyssey : Mao to market |
| 250 ## - EDITION STATEMENT | |
| Edition statement | 1st Ed. |
| 260 ## - PUBLICATION, DISTRIBUTION, ETC. (IMPRINT) | |
| Date of publication, distribution, etc. | 2001 |
| Name of publisher, distributor, etc. | ICFAI publication |
| 300 ## - PHYSICAL DESCRIPTION | |
| Extent | 209p |
| 440 ## - SERIES STATEMENT/ADDED ENTRY--TITLE | |
| Title | ICFAI |
| 500 ## - GENERAL NOTE | |
| Keywords | ICFAI Series Book |
| 700 ## - ADDED ENTRY--PERSONAL NAME | |
| Personal name | ICFAI |
| Withdrawn status | Lost status | Damaged status | Not for loan | Home library | Current library | Date acquired | Vendor | Cost, normal purchase price | Total Checkouts | Full call number | Barcode | Date last seen | Cost, replacement price | Bill Date | Koha item type | Original Barcode |
|---|---|---|---|---|---|---|---|---|---|---|---|---|---|---|---|---|
| Smt. Hiraben Nanavati Institute of Management & Research for Women | Smt. Hiraben Nanavati Institute of Management & Research for Women | 17/04/2002 | Varma Book Distributor | 300.00 | 650.01 ICF B03080 | HIMR-BK-3080 | 25/01/2023 | 300.00 | 17/04/2002 | Books | B03080 |